| 000 | 00425nam a22001577a 4500 | ||
|---|---|---|---|
| 005 | 20260407100838.0 | ||
| 008 | 260407b |||||||| |||| 00| 0 eng d | ||
| 020 | _a13:978-93-5316-985-5 | ||
| 050 | _aRC 46. M37 2020 | ||
| 100 | _aLARRY JAMESON J. | ||
| 245 | _aHARRISON'S MANUAL OF MEDICINE | ||
| 260 |
_aNEWYORK _bMC GRAW HILL _c2020 |
||
| 300 | _aX,1245 | ||
| 500 | _aINCLUDES GLOSSARY AND AN INDEX | ||
| 942 |
_2lcc _cBK |
||
| 999 |
_c216924 _d216924 |
||